| 000 | 00822nam a2200205Ia 4500 | ||
|---|---|---|---|
| 999 |
_c40103 _d40103 |
||
| 001 | 6709 | ||
| 003 | GE_BSU | ||
| 005 | 20200204145622.0 | ||
| 008 | 181216s1969||||ge |||||||||||||| ||geo|| | ||
| 040 | _cGE_BSU | ||
| 041 | _ageo | ||
| 080 | _a821.353.1-7 გ-37 | ||
| 100 |
_aგერსამია, იასონ. _95958 |
||
| 245 |
_aიუმორისტული მოთხრობები / _cიასონ გერსამია ; რედ. ა. თაყაიშვილი. |
||
| 264 |
_aთბილისი : _bსაბჭ.საქართველო, _c1969. |
||
| 300 |
_a271 გვ. ; _c17 სმ. |
||
| 653 | _aიუმორისტული მოთხრობები | ||
| 700 |
_aთაყაიშვილი, ა. _eრედაქტორი _96784 |
||
| 942 |
_cBK _2udc |
||